MARC

LEADER 00000nam0a2200000 4500
001 324143
005 20231102003635.0
035 |a (RuTPU)RU\TPU\book\349732 
090 |a 324143 
100 |a 20161108d1952 k y0rusy50 ca 
101 0 |a rus 
102 |a RU 
105 |a a z 000zy 
200 1 |a О несущей способности сжатых стальных конструкций  |f А. В. Геммерлинг  |g Центральный научно-исследовательский институт промышленных сооружений 
210 |a Москва  |c Государственное издательство литературы по строительству и архитектуре  |d 1952 
215 |a 67 с.  |c ил. 
225 1 |a Научное сообщение  |v Вып. 7 
606 1 |a Стальные конструкции сжатые  |2 stltpush  |3 (RuTPU)RU\TPU\subj\56696  |9 74587 
610 1 |a несущая способность 
610 1 |a предельные состояния 
610 1 |a стальные стержни 
610 1 |a пластические деформации 
610 1 |a конструирование 
610 1 |a расчет 
610 1 |a экономия материалов 
675 |a 624.014.2  |v 4 
700 1 |a Геммерлинг  |b А. В.  |g Анатолий Владимирович 
712 0 2 |a Центральный научно-исследовательский институт промышленных сооружений  |2 stltpush  |3 (RuTPU)RU\TPU\col\9002  |9 24643 
801 1 |a RU  |b 63413507  |c 20161108 
801 2 |a RU  |b 63413507  |c 20191226  |g RCR 
942 |c BK